LEADER 01009nam0-22003731i-450- 001 990006180200403321 005 20150723092645.0 035 $a000618020 035 $aFED01000618020 035 $a(Aleph)000618020FED01 035 $a000618020 100 $a20111129d1974----km-y0itay50------ba 101 0 $aita 102 $aIT 105 $ay---n---001yy 200 1 $aPer Gramsci$fMaria Antonietta Macciocchi 210 $aBologna$cil Mulino$d1974 215 $a427 p.$d21 cm 225 1 $aUniversale paperbacks Il mulino$v9 676 $a320.532$v21$zita 700 1$aMacciocchi,$bMaria Antonietta$f<1922-2007>$0132790 801 0$aIT$bUNINA$gRICA$2UNIMARC 901 $aBK 912 $a990006180200403321 952 $aDP VII - 267$b6687$fDEC 952 $aColl. 406 (9)$b25636*$fFGBC 952 $aXII E 175$b178$fDFD 952 $aCOLLEZ. 28 (9)$b26681$fFSPBC 959 $aDEC 959 $aFGBC 959 $aDFD 959 $aFSPBC 996 $aPer Gramsci$9143365 997 $aUNINA LEADER 01045nam a22002655i 4500 001 991002181299707536 007 cr nn 008mamaa 008 121227s1972 gw | s |||| 0|eng d 020 $a9783540379959 035 $ab14133891-39ule_inst 040 $aBibl. Dip.le Aggr. Matematica e Fisica - Sez. Matematica$beng 082 04$a510$223 100 1 $aDeVore, Ronald A.$054899 245 14$aThe approximation of continuous functions by positive linear operators$h[e-book] /$cby Ronald A. DeVore 260 $aBerlin :$bSpringer,$c1972 300 $a1 online resource (289 p.) 440 0$aLecture Notes in Mathematics,$x0075-8434 ;$v293 650 0$aMathematics 773 0 $aSpringer eBooks 856 40$uhttp://dx.doi.org/10.1007/BFb0059493$zAn electronic book accessible through the World Wide Web 907 $a.b14133891$b03-03-22$c05-09-13 912 $a991002181299707536 996 $aApproximation of continuous functions by positive linear operators$981425 997 $aUNISALENTO 998 $ale013$b05-09-13$cm$d@ $e-$feng$ggw $h4$i0